Music Artists by Song - W - Statistics

General Stats
  • This quiz has been taken 77 times
  • The average score is 7 of 15
Answer Stats
Songs Artist % Correct
I Wanna Dance with Somebody / Higher Love / I Have Nothing Whitney Houston
89%
Seven Nation Army / Fell In Love With a Girl / We're Going to Be Friends The White Stripes
84%
Miami / Gettin' Jiggy Wit It / Men In Black Will Smith
78%
Island In The Sun / Buddy Holly / Say It Ain't So Weezer
67%
The Thrill / See You Again / Young, Wild & Free Wiz Khalifa
56%
Timeless / One Of The Girls / Starboy The Weeknd
53%
Scream & Shout / I Like To Move It / #thatPOWER will.i.am
52%
It's Raining Men / Delusions / Supa Luv The Weather Girls
47%
Shut Up and Dance / Lost In The Wild / Anna Sun WALK THE MOON
38%
C.R.E.A.M. / Protect Ya Neck / Gravel Pit Wu-Tang Clan
30%
Wait a Minute! / Meet Me At Our Spot / t r a n s p a r e n t s o u l WILLOW
25%
Joker And The Thief / Woman / Dimension Wolfmother
20%
The Promise / Heaven Knows / Something Goin' On When In Rome
9%
I Love You So / Sweet Marie / R.I.P. The Walters
8%
I Think I Like When It Rains / Fight the Vegans / In Between WILLIS
2%
No matching quizzes found
Score Distribution
Percent of People with Each Score
Percentile by Number Answered
Your Score History
You have not taken this quiz